| 000 | 00413nam a2200157Ia 4500 | ||
|---|---|---|---|
| 008 | 230312s9999||||xx |||||||||||||| ||und|| | ||
| 020 | _a0-13-530924-7 | ||
| 082 |
_a006.6 _bHEA-C |
||
| 100 | _aBaker M. Pauline | ||
| 245 | 0 | _aComputer Graphics | |
| 260 |
_bPrentice Hall _aNew Jersey _c1997 |
||
| 300 | _a652 | ||
| 546 | _aEng. | ||
| 650 |
_aComputer _vSurvey of Computer Graphics , Graphics Systems |
||
| 942 | _cBK | ||
| 999 |
_c2804 _d2804 |
||